| 000 | 00754cam a22002533a 4500 | ||
|---|---|---|---|
| 001 | 27572 | ||
| 003 | PGUSA | ||
| 005 | 20140828083609.0 | ||
| 008 | 081220s2008||||xxu|||||s|||||000 | eng d | ||
| 040 |
_aPGUSA _beng |
||
| 042 | _adc | ||
| 050 | 4 | _aPR | |
| 100 | 1 |
_aNicklin, J. A. _q(John Arnold) |
|
| 245 | 1 | 0 |
_aDickens-Land _h[electronic resource] / _cJ. A. Nicklin |
| 260 |
_bProject Gutenberg, _c2008 |
||
| 506 | _aPublic domain in the USA. | ||
| 516 | _aElectronic text | ||
| 653 | _aDickens, Charles, 1812-1870 -- Homes and haunts -- England | ||
| 653 | _aEngland -- Description and travel | ||
| 700 | 1 |
_aHaslehust, E. W., _d1866-1949 |
|
| 830 | 0 |
_aProject Gutenberg _v27572 |
|
| 856 | 4 | 0 | _uhttp://www.gutenberg.org/ebooks/27572 |
| 942 | _cEB | ||
| 999 |
_c256827 _d256827 |
||